Unemployment and employment in China's transition including regional considerations
Enregistré dans:
| Auteur principal: | |
|---|---|
| Autres auteurs: | |
| Format: | Livre |
| Langue: | anglais |
| Publié: |
Brisbane
The University of Queensland
1998
|
| Collection: | Discussion Papers
No. 238 |
| Sujets: | |
| Tags: |
Pas de tags, Soyez le premier à ajouter un tag!
|
MARC
| LEADER | 00000nam a2200000 4500 | ||
|---|---|---|---|
| 001 | c109303 | ||
| 005 | 20221221083847.4 | ||
| 022 | |a 1033-4661 | ||
| 041 | 0 | |a eng | |
| 044 | |a AU | ||
| 245 | 1 | 0 | |a Unemployment and employment in China's transition including regional considerations |c Clem Tisdell and Joseph Chai |
| 264 | 1 | |a Brisbane |b The University of Queensland |c 1998 | |
| 300 | |a 24 s. | ||
| 490 | 1 | |a Discussion Papers |v No. 238 | |
| 830 | 0 | |a Discussion Papers |v No. 238 | |
| 610 | 2 | 0 | |a zamestnanosť |
| 610 | 2 | 0 | |a nezamestnanosť |
| 610 | 2 | 0 | |a Čína |
| 100 | 1 | |a Tisdell, Clem | |
| 700 | 1 | |a Chai, Joseph | |